Statistics for Best Baseball Player on Every Team

Click here to take the quiz!

General Stats

  • This quiz has been taken 81 times
    (72 since last reset)
  • The average score is 13 of 30

Answer Stats

TeamAnswer% Correct
New York YankeesAaron Judge
78%
Los Angeles AngelsMike Trout
78%
Atlanta BravesFreddie Freeman
69%
Philadelphia PhilliesBryce Harper
68%
Milwaukee BrewersChristian Yelich
68%
Boston Red SoxMookie Betts
68%
Houston AstrosJose Altuve
63%
Chicago CubsKris Bryant
63%
Colorado RockiesNolan Arenado
63%
Los Angeles DodgersCody Bellinger
62%
Pittsburgh PiratesJosh Bell
57%
Cleveland IndiansFrancisco Lindor
54%
St. Louis CardinalsPaul Goldschmidt
52%
New York MetsPete Alonso
52%
San Diego PadresManny Machado
51%
Washington NationalsMax Scherzer
46%
Chicago White SoxJose Abreu
43%
Toronto Blue JaysVlad Guerrero Jr.
38%
Baltimore OriolesTrey Mancini
29%
Arizona DiamondbacksMadison Bumgarner
26%
Oakland AthleticsMarcus Semien
23%
Cincinnati RedsTrevor Bauer
20%
Kansas City RoyalsWhit Merrifield
20%
Minnesota TwinsJorge Polanco
18%
Texas RangersCorey Kluber
15%
Detroit TigersMatt Boyd
15%
Tampa Bay RaysKevin Kiermaier
8%
Seattle MarinersDan Vogelbach
3%
San Francisco GiantsKevin Pillar
3%
Miami MarlinsStarlin Castro
3%

Score Distribution

Percentile by Number Answered

Percent of People with Each Score

Your Score History

You have not taken this quiz since the last reset